000 00549nmm a2200169Ia 4500
008 251105s9999||||xx |||||||||||||||||und||
020 _a9788488123770
041 _aspa
100 _aHume, David
245 0 _aSobre el estudio de la historia y los apéndices de la historia de Inglaterra
264 _a[Madrid, España] :
_bBiblioteca Nueva,
_c2010
300 _a208 páginas
490 _aClásicos del pensamiento económico y social
650 _aPhilosophy, Ethics
856 _uhttps://public.digitaliapublishing.com/a/9055
942 _cCF
999 _c87037
_d87037